Top Immigrant Populations in Brazil - Statistics

General Stats
  • This quiz has been taken 218 times
  • The average score is 8 of 10
Answer Stats
Number of Immigrants Country of Origin % Correct
36,000 Argentina
94%
169,000 Portugal
94%
22,000 United States
89%
38,000 Spain
84%
48,000 Bolivia
80%
60,000 Japan
80%
48,000 Paraguay
79%
46,000 Italy
77%
29,000 Uruguay
76%
24,000 China
74%
No matching quizzes found
Score Distribution
Percent of People with Each Score
Percentile by Number Answered
Your Score History
You have not taken this quiz